000 00303nam a22001337a 4500
008 190305b xxu||||| |||| 00| 0 eng d
020 _a9780938529200
041 _aeng
080 _26th
_a338
100 _a52
101 _aMNG
245 _aSuccessful Manager's Handbook
_cFisher, A
942 _2udc
_cBK
999 _c54483
_d54483